000
00290nam a22001097a 4500
082
_a
320
100
_a
M Laxmikant
_9
72332
245
_a
Governance In India for Civil Services and state services examination
260
_a
Chennai
_b
Mc Graw Hill
_c
2025
650
_a
polity
942
_c
C. BOOKS
999
_c
68202
_d
68202